000 00682nam a2200241 i 4500
001 C2-0276953
003 PPAK
005 20180728005133.0
008 061213s2005 nyua|||| ||||| | eng d
020 _a0060737298
040 _aPPAK
_beng
_cPPAK
_erda
082 0 4 _a641.5635
_223
090 0 0 _a641.5635
_bROL
_dR
100 1 _aRolls, Barbara,
_eauthor
245 1 4 _aThe volumetrics eating plan
264 1 _aNew York :
_bHarper Collins Publishers ,
_c2005
300 _a316 pages :
_bcolour illustrations ;
_c24 cm
336 _2rdacontent
_atext
337 _2rdamedia
_aunmediated
338 _2rdacarrier
_avolume
650 1 0 _aReducing diets - Recipes.
942 _ddc
_cB
999 _c84227
_d84227